000 00811nmm a2200277 a 4500
003 AR-BaBNM
005 20251128211456.0
008 164020s2004 ||||||||||||||000 | spa||
020 _a958-682-473-x
040 _cAR-BaBNM
100 1 _aEstache, Antonio
245 1 0 _aCómo considerar la pobreza en las reformas de infraestructura
_blecciones de la experiencia en América Latina
260 _aBogotá
_bBanco Mundial
_c2004
_bAlfaomega
300 0 _a105 p.
_btablas, gráfs.
650 4 _aPOLITICA SOCIAL
650 4 _aPOLITICA DEL BIENESTAR
650 4 _aPROGRAMAS SOCIALES
650 4 _aRESPONSABILIDAD SOCIAL
650 4 _aPOBREZA
650 4 _aCONDICIONES DE VIDA
651 4 _aAmérica Latina
700 1 _aFoster, Vivien
700 1 _aWodon, Quentin
942 _cBK
998 _cmariana
999 _c19803
_d19803